=LDR 00000nam 2200000 4500 =001 INLIS000000000005613 =005 20251020090306 =035 ##$$a 0010-1025000668 =007 ta =008 251020###########################0#ind## =082 ##$$a 618.200 =084 ##$$a 618.200 SUG a =100 #$$a Sugeng Margono =245 1#$$a Adolescant Pregnancy /$c Badan Koordinasi Keluarga Berencana Nasional =260 ##$:$b Badan Koordinasi Keluarga Berencana Nasional,$c 1985 =300 ##$$a 8 Hal : $b Ilus ; $c 21 =650 #4$$a Keluarga Berencana =856 ##$$a Perpustakaan Kemendukbangga